Normal view
MARC view
- George Soros
Entry Personal Name
001 - CONTROL NUMBER
- control field: 27198
003 - CONTROL NUMBER IDENTIFIER
- control field: NUST
005 - DATE AND TIME OF LATEST TRANSACTION
- control field: 20191226140750.0
008 - FIXED-LENGTH DATA ELEMENTS
- fixed length control field: 191226|| aca||aabn | a|a d
040 ## - CATALOGING SOURCE
- Original cataloging agency: NUST
- Transcribing agency: NUST
100 ## - HEADING--PERSONAL NAME
- Personal name: George Soros
670 ## - SOURCE DATA FOUND
- Source citation: Work cat.: (NUST): George Soros, The Bubble of American Supremacy, c2004
